000 00338 a2200157 4500
001 64420
020 _a8572325387
040 _cAnchieta - Pituba
100 _aJosé Verdasca
240 1 0 _aSermões escolhidos
_lpor
245 1 0 _aSermões escolhidos
300 _a245
362 0 _a2003
650 4 _aDiscurso português
942 _cBK
999 _c64420
_d64420